[Event "FIDE World Bl Team Final"]
[Site "Almaty KAZ"]
[Date "2024.08.05"]
[Round "1.2"]
[White "Grischuk, Alexander"]
[Black "Gurel, Ediz"]
[Result "1/2-1/2"]
[WhiteTitle "GM"]
[BlackTitle "GM"]
[WhiteElo "2708"]
[BlackElo "2602"]
[WhiteTeam "Kazchess"]
[BlackTeam "Rookies"]
[WhiteFideId "4126025"]
[BlackFideId "44507356"]
[EventDate "2024.08.05"]

1. d4 Nf6 2. c4 e6 3. Bg5 h6 4. Bh4 Bb4+ 5. Nd2 d5 6. e3 O-O 7. Nf3 Be7 8. Rc1
Nbd7 9. Be2 c5 10. O-O b6 11. cxd5 Nxd5 12. Bg3 Bb7 13. Nc4 N7f6 14. dxc5 Bxc5
15. Na5 bxa5 16. Rxc5 Ne4 17. Rc1 Nxg3 18. hxg3 Qb6 19. Qd4 Rfd8 20. a3 Rac8 21.
Rxc8 Rxc8 22. Bd3 Nf6 23. Qxb6 axb6 24. Nd4 Kf8 25. Rd1 Ke7 26. f3 Nd7 27. Kf2
Ne5 28. Bb5 f5 29. Ke2 Kf6 30. Kd2 Bd5 31. Rc1 Rxc1 32. Kxc1 Bc4 33. b3 Bxb5 34.
Nxb5 Nd3+ 35. Kd2 Nc5 36. b4 axb4 37. axb4 Nd7 38. Kd3 g5 39. Nc3 Ke5 40. f4+
Kd6 41. e4 gxf4 42. gxf4 h5 43. g3 Nf8 44. Kd4 Ng6 45. Nb5+ Kc6 46. Na7+ Kb7 47.
Nb5 Kc6 48. Na7+ Kb7 49. Nb5 Kc6 1/2-1/2

[Event "FIDE World Bl Team Final"]
[Site "Almaty KAZ"]
[Date "2024.08.05"]
[Round "1.2"]
[White "Zemlyanskii, Ivan"]
[Black "Svidler, Peter"]
[Result "1/2-1/2"]
[WhiteTitle "FM"]
[BlackTitle "GM"]
[WhiteElo "2543"]
[BlackElo "2698"]
[WhiteTeam "Rookies"]
[BlackTeam "Kazchess"]
[WhiteFideId "24249971"]
[BlackFideId "4102142"]
[EventDate "2024.08.05"]

1. d4 Nf6 2. c4 g6 3. Nf3 Bg7 4. e3 O-O 5. Be2 b6 6. O-O Bb7 7. b3 c5 8. Bb2
cxd4 9. Nxd4 d6 10. Nc3 Nbd7 11. Bf3 Qc8 12. Rc1 Ne5 13. Bxb7 Qxb7 14. Qe2 a6
15. e4 Rac8 16. Nd5 e6 17. Nxf6+ Bxf6 18. Rfd1 Rfd8 19. f4 Nd7 20. Re1 b5 21.
cxb5 axb5 22. Nf3 Rxc1 23. Bxc1 Nc5 24. e5 dxe5 25. fxe5 Bg7 26. Bg5 Rd5 27. Rd1
Nd7 28. Bf4 h6 29. h4 b4 30. Rxd5 Qxd5 31. Qc4 Qxc4 32. bxc4 Bf8 33. Kf2 Nb6 34.
Nd2 Na4 35. Be3 Be7 36. Ne4 Bxh4+ 37. Ke2 Kf8 38. Bxh6+ Ke8 39. Bd2 Be7 40. Nd6+
Kd7 41. Nxf7 Nb2 42. Nh8 Nxc4 43. Nxg6 Bc5 44. Kd3 Nxd2 45. Kxd2 Kc6 46. Nf4 Bd4
47. Nxe6 Bxe5 48. Kd3 Kd5 49. Ng5 Bf6 50. Ne4 Be7 51. Nd2 Ke5 52. g3 Kf5 53. Kc4
Kg4 54. Ne4 Kf3 55. Nc5 Kxg3 56. Kxb4 Kf4 57. Kb5 Ke5 58. Nb7 Bh4 59. a4 Be1 60.
Kc6 Kd4 61. Nd6 Bd2 62. Kb5 Kd5 63. Nb7 Be1 64. Nc5 Bd2 65. Nb3 Be1 1/2-1/2

[Event "FIDE World Bl Team Final"]
[Site "Almaty KAZ"]
[Date "2024.08.05"]
[Round "1.2"]
[White "Mamedyarov, Shakhriyar"]
[Black "Shogdzhiev, Roman"]
[Result "1-0"]
[WhiteTitle "GM"]
[BlackTitle "CM"]
[WhiteElo "2733"]
[BlackElo "2124"]
[WhiteTeam "Kazchess"]
[BlackTeam "Rookies"]
[WhiteFideId "13401319"]
[BlackFideId "55653537"]
[EventDate "2024.08.05"]

1. d4 d5 2. c4 c6 3. Nf3 Nf6 4. Nc3 dxc4 5. a4 Bf5 6. Ne5 Nbd7 7. Nxc4 Qc7 8. g3
e5 9. dxe5 Nxe5 10. Bf4 Nfd7 11. h4 Be6 12. Nxe5 Nxe5 13. Bh3 Rd8 14. Qc2 Bxh3
15. Rxh3 Bd6 16. O-O-O O-O 17. Ne4 Bb4 18. Rhh1 Qe7 19. Ng5 g6 20. Ne4 Qe6 21.
Ng5 Qe7 22. h5 Rxd1+ 23. Rxd1 Ng4 24. hxg6 hxg6 25. Ne4 Re8 26. f3 Qe6 27. Ng5
Ne3 28. Nxe6 Nxc2 29. Rd8 Rxd8 30. Nxd8 Nd4 31. Kd1 b6 32. Be3 Nf5 33. Bf2 Ne7
34. g4 f6 35. Bd4 f5 36. gxf5 gxf5 37. Bf6 Nd5 38. Nxc6 Bc5 39. Bd4 Bxd4 40.
Nxd4 f4 41. Kd2 Kf7 42. Kd3 Nf6 43. Nb5 a5 44. Nd6+ Ke6 45. Nc4 Kd5 46. Nxb6+
Kc5 47. Nc4 Kb4 48. Ne5 Kxa4 49. Kc4 Ne8 50. b3+ Ka3 51. Kc3 Ka2 52. Nc4 Nf6 53.
Nxa5 Nd5+ 54. Kd4 Ne3 55. Ke4 Ka3 56. Kxf4 Nc2 57. Ke4 1-0

[Event "FIDE World Bl Team Final"]
[Site "Almaty KAZ"]
[Date "2024.08.05"]
[Round "1.2"]
[White "Samadov, Read"]
[Black "Ansat, Aldiyar"]
[Result "1-0"]
[WhiteTitle "IM"]
[BlackTitle "IM"]
[WhiteElo "2509"]
[BlackElo "2457"]
[WhiteTeam "Rookies"]
[BlackTeam "Kazchess"]
[WhiteFideId "13417444"]
[BlackFideId "13715658"]
[EventDate "2024.08.05"]

1. e4 c5 2. Nf3 Nc6 3. Bb5 e6 4. Bxc6 bxc6 5. b3 f6 6. O-O Ne7 7. Nh4 d6 8. f4
g6 9. Bb2 Bg7 10. d3 O-O 11. Nd2 d5 12. Qe2 Qc7 13. e5 f5 14. c4 Qa5 15. Nhf3
Rb8 16. Rfc1 Bd7 17. Nf1 Qb6 18. Qf2 d4 19. Ba3 a5 20. Nxd4 cxd4 21. Bxe7 Rfe8
22. Bd6 Ra8 23. c5 Qb5 24. Qxd4 a4 25. b4 a3 26. Rc4 Bc8 27. Ne3 Ra4 28. Rb1 Ba6
29. Rc3 Qb7 30. Rcb3 Bb5 31. Nc4 Ra6 32. Na5 Qf7 33. Rxa3 h6 34. Qe3 g5 35. Rab3
Qh5 36. Rf1 Ra7 37. a3 Rf7 38. Nc4 Ra7 39. Nb6 Qg6 40. Ra1 Ba4 41. Nxa4 Rxa4 42.
d4 Rea8 43. Qf3 gxf4 44. Qxc6 f3 45. Qxf3 Qg5 46. c6 Qd2 47. Rd3 Qb2 48. Rad1
Rxa3 49. c7 Ra2 50. R3d2 Qa3 51. Qxa3 R2xa3 52. Rc2 Rc8 53. Rb1 Ra6 54. b5 Raa8 1-0

[Event "FIDE World Bl Team Final"]
[Site "Almaty KAZ"]
[Date "2024.08.05"]
[Round "1.2"]
[White "Assaubayeva, Bibisara"]
[Black "Bivol, Alina"]
[Result "1-0"]
[WhiteTitle "IM"]
[BlackTitle "IM"]
[WhiteElo "2470"]
[BlackElo "2345"]
[WhiteTeam "Kazchess"]
[BlackTeam "Rookies"]
[WhiteFideId "13708694"]
[BlackFideId "4100123"]
[EventDate "2024.08.05"]

1. c4 e6 2. g3 d5 3. Bg2 dxc4 4. Qa4+ Bd7 5. Qxc4 Bc6 6. Nf3 Nf6 7. O-O Be7 8.
d4 O-O 9. Rd1 Bd5 10. Qc2 Be4 11. Qa4 b6 12. Nc3 Bb7 13. Qc2 Bb4 14. Bd2 Nbd7
15. a3 Bxc3 16. Bxc3 Re8 17. Rac1 a6 18. Ne5 Bxg2 19. Kxg2 Qc8 20. Be1 c5 21.
Nxd7 Nxd7 22. dxc5 Nxc5 23. b4 Qb7+ 24. f3 Nd7 25. Qc6 Ra7 26. Bf2 Qxc6 27. Rxc6
Rb7 28. Rcd6 Ne5 29. Rxb6 Rxb6 30. Bxb6 Nc4 31. Bc5 f6 32. Kf2 Rc8 33. Rc1 Nxa3
34. Ra1 Nc4 35. Rxa6 Kf7 36. Ra7+ Kg6 37. g4 e5 38. h4 Nd2 39. h5+ Kg5 40. Be3+ 1-0

[Event "FIDE World Bl Team Final"]
[Site "Almaty KAZ"]
[Date "2024.08.05"]
[Round "1.2"]
[White "Berikkyzy Alanna"]
[Black "Kabinazar, Nurmukhammed"]
[Result "0-1"]
[WhiteTitle "WCM"]
[WhiteElo "1869"]
[BlackElo "2002"]
[WhiteTeam "Rookies"]
[BlackTeam "Kazchess"]
[WhiteFideId "13780719"]
[BlackFideId "13750186"]
[EventDate "2024.08.05"]

1. e4 e5 2. Nf3 Nc6 3. Bb5 a6 4. Ba4 Nf6 5. d4 exd4 6. O-O Be7 7. e5 Ne4 8. Nxd4
Nc5 9. Bb3 Nxb3 10. axb3 O-O 11. Nf5 d5 12. exd6 Bxf5 13. dxe7 Qxe7 14. Nc3 Rad8
15. Qf3 Bxc2 16. Nd5 Qd6 17. Nf4 Bg6 18. Be3 Qb4 19. Nxg6 hxg6 20. Ra4 Qxb3 21.
Rh4 Qe6 22. Rh3 f6 23. Qg3 Kf7 24. Qxc7+ Rd7 25. Qg3 Ne5 26. Rh4 Nc4 27. Bc1 Nd6
28. f3 0-1

[Event "FIDE World Bl Team Final"]
[Site "Almaty KAZ"]
[Date "2024.08.05"]
[Round "1.2"]
[White "Sadhwani, Raunak"]
[Black "Aitbayev, Aslan"]
[Result "1-0"]
[WhiteTitle "GM"]
[BlackTitle "IM"]
[WhiteElo "2653"]
[BlackElo "2380"]
[WhiteTeam "Team MGD1"]
[BlackTeam "Astana-2"]
[WhiteFideId "35093487"]
[BlackFideId "13704613"]
[EventDate "2024.08.05"]

1. e4 d6 2. d4 g6 3. Nc3 Bg7 4. Nf3 a6 5. a4 Nf6 6. h3 O-O 7. Be2 e6 8. O-O b6
9. Be3 Bb7 10. Bd3 Nc6 11. Na2 Ne7 12. Nd2 c5 13. c3 Nd7 14. Re1 cxd4 15. cxd4
e5 16. d5 Nc5 17. Bc2 a5 18. Nc3 f5 19. f3 Ba6 20. Nb5 Nc8 21. Nc4 Bf6 22. exf5
gxf5 23. Bxf5 Bxb5 24. axb5 Bh4 25. Qc2 Bxe1 26. Rxe1 Qh4 27. Bf2 Qf6 28. Bxc8
Raxc8 29. Nxb6 Rc7 30. Nc4 Rg7 31. Bxc5 dxc5 32. Nxe5 Qh4 33. Re4 Qxh3 34. d6
Qf5 35. d7 Qg5 36. b6 Rd8 37. Qc4+ Kh8 38. Nf7+ Rxf7 39. Qxf7 Qc1+ 40. Kh2 Qh6+
41. Kg3 Qd6+ 42. Kh3 Qh6+ 43. Rh4 1-0

[Event "FIDE World Bl Team Final"]
[Site "Almaty KAZ"]
[Date "2024.08.05"]
[Round "1.2"]
[White "Akhmetov, Ayan"]
[Black "Narayanan, S.L."]
[Result "1/2-1/2"]
[WhiteTitle "IM"]
[BlackTitle "GM"]
[WhiteElo "2380"]
[BlackElo "2649"]
[WhiteTeam "Astana-2"]
[BlackTeam "Team MGD1"]
[WhiteFideId "13703706"]
[BlackFideId "5058422"]
[EventDate "2024.08.05"]

1. d4 Nf6 2. Bf4 c5 3. e3 d5 4. Nf3 Nc6 5. Nbd2 cxd4 6. exd4 a6 7. c3 Bf5 8. Be2
e6 9. Ne5 Bd6 10. g4 Be4 11. f3 Bg6 12. h4 h5 13. g5 Bxe5 14. Bxe5 Nxe5 15. gxf6
Nc6 16. fxg7 Rg8 17. Qb3 Qc7 18. O-O-O Nxd4 19. Qa4+ Nc6 20. f4 O-O-O 21. Nf3
Be4 22. Rhg1 Qxf4+ 23. Nd2 f5 24. Bxa6 Qc7 25. Bb5 Kb8 26. Rg5 Ne5 27. Rdg1 Ng4
28. Rxh5 Rxg7 29. Be2 Qh2 30. Qd4 e5 31. Qb6 Rc8 32. Bxg4 d4 33. Qd6+ Ka7 34.
Qa3+ Kb8 35. Qd6+ Rgc7 36. Re1 dxc3 37. bxc3 Qg3 38. Rf1 Qxg4 39. Rh7 Qe2 40.
Rxc7 Rxc7 41. Qd8+ Rc8 42. Qd6+ Ka7 43. Qa3+ Kb8 44. Qd6+ Ka7 45. Qa3+ Kb8 46.
Qd6+ Ka7 47. Qa3+ Kb8 48. Qd6+ Ka7 49. Qxe5 Qd3 50. Qa5+ Kb8 51. Qe5+ Ka7 52.
Qa5+ Kb8 53. Qe5+ Rc7 54. Qe8+ Ka7 55. Qa4+ Kb8 56. Qe8+ Rc8 57. Qe5+ Ka8 58.
Qa5+ Kb8 59. Qe5+ Ka8 60. Qa5+ 1/2-1/2

[Event "FIDE World Bl Team Final"]
[Site "Almaty KAZ"]
[Date "2024.08.05"]
[Round "1.2"]
[White "Pranav, V"]
[Black "Nugumanov, Bakhtiyar"]
[Result "1-0"]
[WhiteTitle "GM"]
[BlackTitle "IM"]
[WhiteElo "2598"]
[BlackElo "2288"]
[WhiteTeam "Team MGD1"]
[BlackTeam "Astana-2"]
[WhiteFideId "25060783"]
[BlackFideId "13701797"]
[EventDate "2024.08.05"]

1. e4 c6 2. d4 d5 3. exd5 cxd5 4. Bd3 Nc6 5. c3 Qc7 6. h3 Nf6 7. Nf3 g6 8. O-O
Bf5 9. Be2 e6 10. Re1 Bd6 11. Bh6 O-O-O 12. b4 Bxb1 13. Rxb1 Ne4 14. Qd3 Bf4 15.
Bxf4 Qxf4 16. g3 Qf6 17. Bf1 Kb8 18. Bg2 h5 19. Qe3 g5 20. Nd2 Nxd2 21. Qxd2 h4
22. g4 Ne7 23. Re5 Rhg8 24. a4 Rc8 25. Bf1 Nc6 26. Re3 Ne7 27. a5 Ng6 28. a6 b6
29. Rc1 Nf4 30. Rf3 Rc7 31. c4 dxc4 32. Rxc4 Rxc4 33. Bxc4 Rd8 34. Bf1 Qxd4 35.
Qe1 e5 36. Re3 f6 37. Qc1 Qxb4 38. Qc6 Qe7 39. Rc3 Qd7 40. Qxf6 Nd5 41. Qxe5+
Qd6 42. Qg7 Rd7 43. Qg8+ Rd8 44. Qf7 Rd7 45. Qe8+ Rd8 46. Qe4 Qe7 47. Qxe7 Nxe7
48. Re3 Nc6 49. Re6 Nd4 50. Re7 Rc8 51. Rb7+ Ka8 52. Bg2 Nc6 53. Be4 1-0

[Event "FIDE World Bl Team Final"]
[Site "Almaty KAZ"]
[Date "2024.08.05"]
[Round "1.2"]
[White "Tokbayev, Anuar"]
[Black "Dronavalli, Harika"]
[Result "1-0"]
[BlackTitle "GM"]
[WhiteElo "1880"]
[BlackElo "2502"]
[WhiteTeam "Astana-2"]
[BlackTeam "Team MGD1"]
[WhiteFideId "13724703"]
[BlackFideId "5015197"]
[EventDate "2024.08.05"]

1. d4 d5 2. c4 e6 3. Nf3 Nf6 4. g3 Be7 5. Bg2 O-O 6. O-O dxc4 7. Qc2 a6 8. a4
Bd7 9. Rd1 Bc6 10. Nc3 a5 11. e4 Na6 12. Ne5 Nb4 13. Qe2 Be8 14. Qxc4 Nd7 15.
Bf4 c6 16. Rac1 Nxe5 17. Bxe5 Rc8 18. Qb3 f6 19. Bf4 Bf7 20. Be3 e5 21. d5 cxd5
22. exd5 f5 23. Nb5 Rxc1 24. Bxc1 e4 25. Bf4 Nd3 26. Rxd3 exd3 27. Qxd3 Bc5 28.
d6 Qd7 29. Qf3 b6 30. Qc6 Qe6 31. h4 Qe1+ 32. Kh2 Bxf2 33. d7 Bg1+ 34. Kh3 Qd1
35. Bf3 Qf1+ 36. Bg2 Qd1 37. Bf3 Qf1+ 38. Bg2 Qd1 39. Bf3 Qf1+ 40. Bg2 Qd1 41.
Bf3 Qf1+ 42. Bg2 Qe2 43. Qf3 Qxf3 44. Bxf3 Rd8 45. Bc6 Be6 46. Bc7 Rxd7 47. Bxd7
Bxd7 48. Kg2 Bc5 49. Nc3 Kf7 50. Kf3 Ke6 51. b3 Bc6+ 52. Ke2 h6 53. Kd3 g5 54.
hxg5 hxg5 55. Ne2 Bd5 56. Kc3 Bb4+ 57. Kb2 Be4 58. Nd4+ Kd5 59. Nb5 Bc5 60. Kc3
Be3 61. Bd8 Bg2 62. Kd3 Bc1 63. Bxb6 Be4+ 64. Ke2 f4 65. gxf4 gxf4 66. Nc3+ Ke5
67. Nxe4 Kxe4 68. Bxa5 f3+ 69. Kf2 Be3+ 70. Kf1 Kd3 71. Be1 Bd4 72. a5 Ke4 73.
a6 Kd5 74. Bf2 Bxf2 75. Kxf2 Kc6 76. b4 Kb6 77. b5 1-0

[Event "FIDE World Bl Team Final"]
[Site "Almaty KAZ"]
[Date "2024.08.05"]
[Round "1.2"]
[White "Shah Mihir"]
[Black "Altynbek, Aiaru"]
[Result "1-0"]
[BlackTitle "WFM"]
[WhiteElo "1801"]
[BlackElo "1990"]
[WhiteTeam "Team MGD1"]
[BlackTeam "Astana-2"]
[WhiteFideId "46628878"]
[BlackFideId "13752472"]
[EventDate "2024.08.05"]

1. e4 c6 2. Nf3 d5 3. d3 dxe4 4. dxe4 Qxd1+ 5. Kxd1 Nf6 6. Nbd2 g6 7. Ne1 Bh6 8.
f3 O-O 9. Nd3 Rd8 10. a4 Nh5 11. c3 Nf4 12. Nxf4 Bxf4 13. Kc2 Be6 14. g3 Bc7 15.
Nc4 Nd7 16. a5 b5 17. axb6 axb6 18. Rxa8 Rxa8 19. Be3 b5 20. Nd2 Nb6 21. Be2 Ra4
22. Nb3 Bxb3+ 23. Kxb3 Kf8 24. Rd1 Ke8 25. Bxb6 Bxb6 26. c4 Bc5 27. cxb5 Rb4+
28. Kc3 cxb5 29. Rd5 Bd6 30. Rxd6 exd6 31. Kxb4 Kd7 32. Kxb5 Ke6 33. Kc6 Ke5 34.
b4 Kd4 35. b5 Ke3 36. Bd1 Kd2 37. Bb3 Ke3 38. Bxf7 Kxf3 39. Kxd6 Kxe4 40. b6 Kf3
41. b7 Kg2 42. b8=Q Kxh2 43. Bxg6 hxg6 44. Qg8 Kxg3 45. Qxg6+ Kh2 46. Qg4 Kh1
47. Ke5 Kh2 48. Ke4 Kh1 49. Kf3 Kh2 50. Qg2# 1-0

[Event "FIDE World Bl Team Final"]
[Site "Almaty KAZ"]
[Date "2024.08.05"]
[Round "1.2"]
[White "Nihal, Sarin"]
[Black "Isanzhulov, Arystan"]
[Result "1-0"]
[WhiteTitle "GM"]
[BlackTitle "IM"]
[WhiteElo "2668"]
[BlackElo "2401"]
[WhiteTeam "Ashdod Chess Club"]
[BlackTeam "Teniz Kazakhstan"]
[WhiteFideId "25092340"]
[BlackFideId "13711644"]
[EventDate "2024.08.05"]

1. d4 Nf6 2. Nf3 d6 3. c4 g6 4. Nc3 Bf5 5. Qb3 b6 6. g3 Bg7 7. Bg2 Nc6 8. O-O
O-O 9. Qd1 Ne4 10. Nd5 Bd7 11. Qc2 Nf6 12. Nxf6+ Bxf6 13. Rd1 Bg7 14. b3 Bf5 15.
Qd2 Be4 16. Bb2 d5 17. Rac1 e6 18. Ne1 Bxg2 19. Kxg2 Ne7 20. Nf3 Nf5 21. cxd5
exd5 22. Rc6 Ne7 23. Rc2 Rc8 24. Rdc1 Qd7 25. Ba3 Rfe8 26. Bxe7 Qxe7 27. e3 Bf6
28. Rc6 Kg7 29. Qc2 Qa3 30. Qe2 Re7 31. R1c2 a6 32. h4 h5 33. Qd1 Rd7 34. Ne1
Qe7 35. Qf3 a5 36. Nd3 a4 37. Nf4 axb3 38. axb3 Rcd8 39. b4 Qxb4 40. Rxf6 b5 41.
Rfc6 Qe7 42. R6c5 b4 43. Nxd5 Qe6 44. Nxb4 Rb8 45. Nc6 Rb1 46. Rc1 Rb2 47. R5c2
Rb3 48. Ne5 Re7 49. Rc6 Qc8 50. Qf6+ Kh6 51. Nxf7+ 1-0

[Event "FIDE World Bl Team Final"]
[Site "Almaty KAZ"]
[Date "2024.08.05"]
[Round "1.2"]
[White "Ismagambetov, Anuar"]
[Black "Eljanov, Pavel"]
[Result "0-1"]
[WhiteTitle "GM"]
[BlackTitle "GM"]
[WhiteElo "2520"]
[BlackElo "2672"]
[WhiteTeam "Teniz Kazakhstan"]
[BlackTeam "Ashdod Chess Club"]
[WhiteFideId "13701525"]
[BlackFideId "14102951"]
[EventDate "2024.08.05"]

1. e4 e5 2. Nf3 Nc6 3. Bb5 Nf6 4. d3 Bc5 5. c3 O-O 6. O-O Re8 7. Nbd2 a6 8. Ba4
h6 9. Re1 d5 10. exd5 Qxd5 11. Bxc6 bxc6 12. Ne4 Nxe4 13. dxe4 Qxd1 14. Rxd1 a5
15. Be3 Bxe3 16. fxe3 f6 17. Kf2 a4 18. b4 a3 19. Rd2 Be6 20. Ne1 Kf7 21. Nd3
Red8 22. Ke1 Bc4 23. Nc5 Rxd2 24. Kxd2 Rd8+ 25. Kc2 h5 26. g3 h4 27. gxh4 Rh8
28. Rd1 Rxh4 29. Rd7+ Kg6 30. Rxc7 Rxh2+ 31. Kc1 Rxa2 32. Ra7 Ra1+ 33. Kc2 a2
34. Nb3 Rb1 35. Nd2 a1=Q 36. Rxa1 Rxa1 37. Nxc4 Ra6 38. Kd3 Kf7 39. Nd6+ Ke6 40.
Nf5 g6 41. Nh4 g5 42. Nf5 g4 43. c4 Ra3+ 44. Kd2 Rb3 45. b5 cxb5 46. cxb5 Rxb5
47. Ke2 Rb2+ 48. Kf1 Rb4 49. Ng3 Kf7 50. Nf5 Kg6 51. Ng3 Kg5 52. Kg2 Rb2+ 53.
Kf1 Kh4 0-1

[Event "FIDE World Bl Team Final"]
[Site "Almaty KAZ"]
[Date "2024.08.05"]
[Round "1.2"]
[White "Volokitin, Andrei"]
[Black "Sapenov, Daniyal"]
[Result "1-0"]
[WhiteTitle "GM"]
[BlackTitle "FM"]
[WhiteElo "2667"]
[BlackElo "2311"]
[WhiteTeam "Ashdod Chess Club"]
[BlackTeam "Teniz Kazakhstan"]
[WhiteFideId "14107090"]
[BlackFideId "13728911"]
[EventDate "2024.08.05"]

1. e4 c5 2. Nf3 d6 3. Nc3 a6 4. d4 cxd4 5. Qxd4 Nc6 6. Qe3 g6 7. Bc4 Bg7 8. O-O
Nf6 9. h3 O-O 10. Rd1 Nd7 11. Qg5 Nde5 12. Nxe5 Nxe5 13. Bb3 e6 14. Qxd8 Rxd8
15. Bg5 f6 16. Be3 b5 17. Bb6 Re8 18. Rxd6 Bf8 19. Rd2 g5 20. Rad1 Bb7 21. Rd8
Rexd8 22. Bxe6+ Kg7 23. Rxd8 Rxd8 24. Bxd8 Nc6 25. Bb6 Ne5 26. Nd5 Bd6 27. Bd8
Bxd5 28. Bxd5 Bc5 29. Kf1 Bd4 30. c3 Bc5 31. Ke2 Ng6 32. g3 h5 33. b4 Ba7 34.
Bb7 h4 35. Bxa6 Bb8 36. gxh4 gxh4 37. Kf3 Ne5+ 38. Kg2 Nd3 39. Bxb5 Nf4+ 40. Kf3
Nxh3 41. Kg4 Nxf2+ 42. Kxh4 Nxe4 43. c4 Bg3+ 44. Kg4 Be1 45. a3 Bc3 46. c5 Bb2
47. c6 Nd6 48. c7 Bxa3 49. Be7 f5+ 50. Kf3 Nc8 51. Bc5 Bb2 52. Ba6 Be5 53. Bxc8
Bxc7 54. Bxf5 Kf6 55. Ke4 Bd8 56. b5 Ba5 57. b6 Bxb6 58. Bxb6 Ke7 59. Ke5 Kf7
60. Bc5 Kg7 61. Ke6 Kh6 62. Be7 Kh5 63. Kf7 Kh6 64. Bg4 1-0

[Event "FIDE World Bl Team Final"]
[Site "Almaty KAZ"]
[Date "2024.08.05"]
[Round "1.2"]
[White "Mamedov, Edgar"]
[Black "Smirin, Ilia"]
[Result "1-0"]
[WhiteTitle "FM"]
[BlackTitle "GM"]
[WhiteElo "2443"]
[BlackElo "2575"]
[WhiteTeam "Teniz Kazakhstan"]
[BlackTeam "Ashdod Chess Club"]
[WhiteFideId "13739980"]
[BlackFideId "2801990"]
[EventDate "2024.08.05"]

1. d4 Nf6 2. c4 g6 3. g3 Bg7 4. Bg2 c5 5. dxc5 Na6 6. Nc3 Nxc5 7. Nf3 O-O 8. O-O
d6 9. Nd4 a6 10. b3 e6 11. Bb2 Qc7 12. Qd2 Rb8 13. Rfd1 Rd8 14. Rac1 Bd7 15. h3
h5 16. e3 Be8 17. Qe2 Ncd7 18. Rc2 Ne5 19. Rcd2 Nc6 20. Nc2 Ne5 21. Ba3 Bf8 22.
Bb2 Bg7 23. Ba3 Bf8 24. f4 Nc6 25. g4 hxg4 26. hxg4 b5 27. cxb5 axb5 28. Bb2 Bg7
29. Nxb5 Rxb5 30. Qxb5 Ne5 31. Qe2 Nexg4 32. Nd4 d5 33. Rc2 Qb6 34. Bf3 Nh6 35.
Rdc1 Ne4 36. Qg2 Nf5 37. Nxf5 exf5 38. Bxe4 Qxe3+ 39. Qf2 Qxe4 1-0

[Event "FIDE World Bl Team Final"]
[Site "Almaty KAZ"]
[Date "2024.08.05"]
[Round "1.2"]
[White "Khotenashvili, Bella"]
[Black "Balabayeva, Xeniya"]
[Result "1-0"]
[WhiteTitle "GM"]
[BlackTitle "WIM"]
[WhiteElo "2427"]
[BlackElo "2335"]
[WhiteTeam "Ashdod Chess Club"]
[BlackTeam "Teniz Kazakhstan"]
[WhiteFideId "13602640"]
[BlackFideId "13719688"]
[EventDate "2024.08.05"]

1. Nf3 d5 2. g3 Nf6 3. Bg2 e6 4. O-O Be7 5. d3 O-O 6. Nbd2 Nc6 7. e4 a5 8. a4 b6
9. e5 Ne8 10. d4 f6 11. exf6 Bxf6 12. c3 Nd6 13. Re1 Nf7 14. Nf1 Re8 15. Ne3 Nh6
16. h4 Bb7 17. Ng5 g6 18. Ng4 Nxg4 19. Qxg4 Bc8 20. Qd1 Kg7 21. f4 Qd6 22. b3
Bd7 23. Ba3 Nb4 24. cxb4 axb4 25. Bb2 b5 26. a5 Ra6 27. Qe2 Rea8 28. Bh3 Bxg5
29. hxg5 Rxa5 30. Rxa5 Rxa5 31. Bxe6 Bxe6 32. Qxe6 Qxe6 33. Rxe6 Ra2 34. Re2 Kf7
35. Kf2 c6 36. g4 Ra7 37. f5 Rb7 38. Rc2 Rc7 39. Bc1 Re7 40. Rxc6 Re4 41. Rc7+
Kg8 42. f6 Rxg4 43. Kf3 Rxd4 44. Bf4 Rd3+ 45. Kg4 Rd4 46. Kf3 Re4 47. f7+ Kg7
48. Bd6 1-0

[Event "FIDE World Bl Team Final"]
[Site "Almaty KAZ"]
[Date "2024.08.05"]
[Round "1.2"]
[White "Fedorov, Grigory"]
[Black "Tanikin, Isabek"]
[Result "0-1"]
[WhiteElo "1904"]
[BlackElo "1952"]
[WhiteTeam "Teniz Kazakhstan"]
[BlackTeam "Ashdod Chess Club"]
[WhiteFideId "4123530"]
[BlackFideId "13728717"]
[EventDate "2024.08.05"]

1. e4 e6 2. d4 d5 3. e5 c5 4. c3 Bd7 5. Nf3 Qb6 6. Be2 cxd4 7. cxd4 Bb5 8. O-O
Bxe2 9. Qxe2 Qa6 10. Qd1 Ne7 11. Nc3 Nf5 12. a3 Be7 13. b4 O-O 14. Bb2 Nd7 15.
Na4 Nb6 16. Nc5 Bxc5 17. dxc5 Nc4 18. Bd4 b6 19. a4 Nxd4 20. Qxd4 bxc5 21. bxc5
Rac8 22. Rfb1 Rb8 23. Nd2 Nxd2 24. Qxd2 Rxb1+ 25. Rxb1 Qxa4 26. Qc3 Qc6 27. Ra1
Ra8 28. Ra5 h6 29. Qa3 Rb8 30. g3 d4 31. f3 Qc7 32. Rxa7 Qxe5 33. Kg2 Qe2+ 34.
Kh3 Qf1+ 35. Kg4 h5+ 36. Kh4 Qe2 37. c6 Qxh2+ 38. Kg5 f6+ 39. Kf4 e5+ 40. Kf5
Qh3+ 41. Ke4 Qe6 42. c7 Qc6+ 43. Kf5 Rc8 44. Qb3+ Kh7 45. g4 0-1

[Event "FIDE World Bl Team Final"]
[Site "Almaty KAZ"]
[Date "2024.08.05"]
[Round "1.2"]
[White "Sindarov, Javokhir"]
[Black "Niemann, Hans Moke"]
[Result "1/2-1/2"]
[WhiteTitle "GM"]
[BlackTitle "GM"]
[WhiteElo "2674"]
[BlackElo "2711"]
[WhiteTeam "Royal Chess"]
[BlackTeam "GMHans.com"]
[WhiteFideId "14205483"]
[BlackFideId "2093596"]
[EventDate "2024.08.05"]

1. e4 e5 2. Nf3 Nc6 3. Bc4 Nf6 4. d3 Bc5 5. Nc3 a6 6. Be3 d6 7. Bxc5 dxc5 8. O-O
Qd6 9. Nd5 O-O 10. a3 Nxd5 11. Bxd5 Ne7 12. Ba2 Bg4 13. h3 Bh5 14. g4 Bg6 15.
Nd2 b5 16. Qe1 Kh8 17. Qe3 Nc6 18. Rac1 f6 19. Bd5 Rad8 20. Bxc6 Qxc6 21. b3 Bf7
22. Nf3 Rfe8 23. Rfd1 h6 24. Kh2 c4 25. b4 Rd7 26. Kg3 Red8 27. Rd2 Qb6 28. Qxb6
cxb6 29. Rcd1 c3 30. Re2 a5 31. Rb1 Ra8 32. Ree1 Kg8 33. Red1 Ba2 34. Ra1 Bf7
35. Rab1 Ba2 36. Ra1 Bf7 37. Rdb1 Kf8 38. bxa5 Rxa5 39. Rb4 Rda7 40. Rab1 Be8
41. R4b3 Rxa3 42. Ng1 Rxb3 43. Rxb3 b4 44. Rxb4 Ra2 45. Rxb6 Rxc2 46. Rb8 Rd2
47. Rc8 Rxd3+ 48. f3 Ke7 49. Ne2 Bd7 50. Rxc3 Rd2 51. Re3 Bb5 52. Nc3 Bc4 53.
Re1 Rc2 54. Nd1 Rc1 55. Kf2 Rc2+ 56. Kg3 Rc1 57. Kf2 1/2-1/2

[Event "FIDE World Bl Team Final"]
[Site "Almaty KAZ"]
[Date "2024.08.05"]
[Round "1.2"]
[White "Tabatabaei, M. Amin"]
[Black "Vokhidov, Shamsiddin"]
[Result "1/2-1/2"]
[WhiteTitle "GM"]
[BlackTitle "GM"]
[WhiteElo "2712"]
[BlackElo "2643"]
[WhiteTeam "GMHans.com"]
[BlackTeam "Royal Chess"]
[WhiteFideId "12521213"]
[BlackFideId "14204223"]
[EventDate "2024.08.05"]

1. e4 c5 2. Nf3 e6 3. d3 Nc6 4. g3 d5 5. Qe2 Nf6 6. Bg2 Be7 7. O-O b5 8. a4 b4
9. b3 a5 10. Re1 dxe4 11. dxe4 Ba6 12. Qd2 Qc7 13. e5 Nd5 14. c4 bxc3 15. Nxc3
Nxc3 16. Qxc3 O-O 17. Bg5 Nb4 18. Rad1 Rad8 19. h4 h6 20. Bxe7 Qxe7 21. Rd2 Bb7
22. Red1 Bd5 23. Ne1 Rb8 24. Bxd5 exd5 25. Nd3 Nxd3 26. Rxd3 d4 27. Qxa5 Qxe5
28. Qd2 Rb4 29. Qc2 Qd5 30. Rc1 Re8 31. a5 Re6 32. Rdd1 Rc6 33. Ra1 Ra6 34. Rdc1
Rxb3 35. Qxc5 Qxc5 36. Rxc5 d3 37. Rd5 Kf8 38. Kf1 Ke7 39. Ke1 Ke6 40. Rd8 Rb5
41. Rxd3 Rbxa5 42. Rxa5 1/2-1/2